000 00704nam a2200217Ia 4500
003 OSt
005 20230318113133.0
008 210423s2014 xx 000 0 und d
020 _a978-0-19-937406-9
040 _cAL
041 _aeng
082 _a363.73
_bELLI
_223
100 _aELLIOTT (Kevin C)
_976407
245 _aIs a little pollution good for you: incorporating societal values in environmental research
260 _aNew York
_bOxford University Press
_c2014
300 _ax,246
_bPB
365 _b2464.57
_cUSD
650 _aEnvironmental Problems
_976408
906 _aenvironmental ; good ; incorporating ; little ; pollution ; research ; societal ; values ; you:
942 _2ddc
_cBK
999 _c168728
_d168728